000 00710nam a2200289Ia 4500
005 20260324130837.0
008 008 260324s9999 xx 000 0 eng d
020 _a9781003572688
037 _aEBOOK
040 _aCRL
040 _beng
040 _cCRL
041 _2eng
041 _aeng
084 _qCRL
100 _aValerie Rumbold
_91178120
245 4 _aThe Poems of Alexander Pope: Volume Three
245 4 _bThe Dunciad (1728) & The Dunciad Variorum (1729)
260 _bTaylor and Francis
260 _c2007
365 _a
365 _b350
856 _uhttp://www.taylorfrancis.com/books/9781003572688
942 _cEBOOK
999 _c1779860
_d1779860